[Event "ODJM A 2024"]
[Site "Willingen GER"]
[Date "2024.05.24"]
[Round "8"]
[White "Weigand, Anton"]
[Black "Wübker, Paul-Luca"]
[Result "0-1"]
[Termination "normal"]
[Board "1"]
[WhiteElo "2091"]
[BlackElo "2267"]
[WhiteClock "00:05:04"]
[BlackClock "00:48:44"]
[PlyCount "112"]
[WhiteFideId "16221915"]
[BlackFideId "12939528"]
[EventCountry "GER"]
[EventRounds "9"]
[EventType "swiss"]
[EventDate "2024.05.18"]

1. e4 {[%clk 01:30:51]} {[%emt 00:00:08]} c5 {[%clk 01:30:56]} {[%emt
00:00:05]} 2. c3 {[%clk 01:31:16]} {[%emt 00:00:04]} Nf6 {[%clk 01:31:21]}
{[%emt 00:00:05]} 3. e5 {[%clk 01:31:43]} {[%emt 00:00:03]} Nd5 {[%clk
01:31:46]} {[%emt 00:00:05]} 4. Bc4 {[%clk 01:32:07]} {[%emt 00:00:05]} e6
{[%clk 01:32:12]} {[%emt 00:00:05]} 5. d4 {[%clk 01:31:31]} {[%emt 00:01:05]}
d6 {[%clk 01:32:34]} {[%emt 00:00:09]} 6. Nf3 {[%clk 01:30:47]} {[%emt
00:01:13]} cxd4 {[%clk 01:32:56]} {[%emt 00:00:09]} 7. cxd4 {[%clk 01:30:55]}
{[%emt 00:00:23]} Be7 {[%clk 01:33:20]} {[%emt 00:00:06]} 8. O-O {[%clk
01:30:37]} {[%emt 00:00:48]} O-O {[%clk 01:33:45]} {[%emt 00:00:06]} 9. Qe2
{[%clk 01:29:53]} {[%emt 00:01:14]} b6 {[%clk 01:33:12]} {[%emt 00:01:04]} 10.
Rd1 {[%clk 01:28:02]} {[%emt 00:02:20]} Bb7 {[%clk 01:33:36]} {[%emt 00:00:07]}
11. Bxd5 {[%clk 01:27:33]} {[%emt 00:00:59]} exd5 {[%clk 01:33:59]} {[%emt
00:00:07]} 12. Nc3 {[%clk 01:27:17]} {[%emt 00:00:45]} Na6 {[%clk 01:33:50]}
{[%emt 00:00:40]} 13. Nb5 {[%clk 01:07:48]} {[%emt 00:19:58]} dxe5 {[%clk
01:34:07]} {[%emt 00:00:14]} 14. Nxe5 {[%clk 01:06:40]} {[%emt 00:01:38]} f6
{[%clk 01:33:50]} {[%emt 00:00:47]} 15. Nd3 {[%clk 01:02:12]} {[%emt 00:04:57]}
Qd7 {[%emt 00:03:48]} 16. Nc3 {[%clk 00:58:28]} {[%emt 00:00:58]} Rfe8 {[%clk
01:29:20]} {[%emt 00:04:59]} 17. Qf3 {[%clk 00:58:03]} {[%emt 00:00:55]} Nc7
{[%clk 01:27:41]} {[%emt 00:02:09]} 18. Nf4 {[%clk 00:52:30]} {[%emt 00:06:01]}
Bd6 {[%clk 01:24:56]} {[%emt 00:03:16]} 19. Bd2 {[%clk 00:50:00]} {[%emt
00:02:59]} Nb5 {[%clk 01:20:11]} {[%emt 00:05:16]} 20. Nxb5 {[%clk 00:43:22]}
{[%emt 00:07:08]} Qxb5 {[%clk 01:20:31]} {[%emt 00:00:09]} 21. Bc3 {[%clk
00:42:55]} {[%emt 00:00:57]} Re4 {[%clk 01:19:06]} {[%emt 00:01:56]} 22. Nh5
{[%clk 00:39:25]} {[%emt 00:04:00]} Rae8 {[%clk 01:14:52]} {[%emt 00:04:44]}
23. Ng3 {[%clk 00:38:35]} {[%emt 00:01:19]} Rh4 {[%clk 01:01:39]} {[%emt
00:13:44]} 24. Nf5 {[%clk 00:21:41]} {[%emt 00:17:24]} Bxh2+ {[%clk 01:01:22]}
{[%emt 00:00:47]} 25. Kh1 {[%clk 00:20:07]} {[%emt 00:02:05]} Ree4 {[%clk
00:51:40]} {[%emt 00:10:12]} 26. Nxh4 {[%clk 00:16:42]} {[%emt 00:03:54]} Rxh4
{[%clk 00:52:03]} {[%emt 00:00:08]} 27. g3 {[%clk 00:15:52]} {[%emt 00:01:20]}
Bxg3+ {[%clk 00:52:12]} {[%emt 00:00:20]} 28. Kg2 {[%clk 00:16:16]} {[%emt
00:00:05]} Bd6 {[%clk 00:50:27]} {[%emt 00:02:17]} 29. Rh1 {[%clk 00:14:25]}
{[%emt 00:02:20]} Re4 {[%clk 00:49:29]} {[%emt 00:01:29]} 30. Qf5 {[%clk
00:12:32]} {[%emt 00:02:23]} h6 {[%clk 00:49:46]} {[%emt 00:00:13]} 31. Rae1
{[%clk 00:11:00]} {[%emt 00:02:02]} Qe8 {[%clk 00:49:59]} {[%emt 00:00:17]} 32.
Bd2 {[%clk 00:09:04]} {[%emt 00:02:26]} Kf7 {[%clk 00:42:35]} {[%emt 00:07:54]}
33. Qh5+ {[%clk 00:07:36]} {[%emt 00:01:57]} Kf8 {[%clk 00:42:58]} {[%emt
00:00:07]} 34. Qf5 {[%clk 00:07:19]} {[%emt 00:00:47]} Bc8 {[%clk 00:40:09]}
{[%emt 00:03:19]} 35. Rxe4 {[%clk 00:04:01]} {[%emt 00:03:48]} dxe4 {[%clk
00:37:08]} {[%emt 00:03:32]} 36. Qh7 {[%clk 00:02:44]} {[%emt 00:01:46]} Qe6
{[%clk 00:33:55]} {[%emt 00:03:43]} 37. Rh4 {[%clk 00:03:00]} {[%emt 00:00:13]}
Qf5 {[%clk 00:33:55]} {[%emt 00:00:31]} 38. Qxf5 {[%clk 00:02:16]} {[%emt
00:01:14]} Bxf5 {[%clk 00:34:19]} {[%emt 00:00:06]} 39. Bf4 {[%clk 00:01:30]}
{[%emt 00:01:15]} Be7 {[%clk 00:31:15]} {[%emt 00:03:36]} 40. Bb8 {[%clk
00:01:48]} {[%emt 00:00:12]} a6 {[%clk 00:30:57]} {[%emt 00:00:48]} 41. d5
{[%clk 00:26:31]} {[%emt 00:05:48]} Bc5 {[%clk 01:00:36]} {[%emt 00:00:51]} 42.
Kf1 {[%clk 00:20:47]} {[%emt 00:06:14]} Ke7 {[%clk 00:59:19]} {[%emt 00:01:47]}
43. b4 {[%clk 00:18:38]} {[%emt 00:02:39]} Bxb4 {[%clk 00:53:45]} {[%emt
00:06:05]} 44. f3 {[%clk 00:18:31]} {[%emt 00:00:37]} g5 {[%clk 00:54:08]}
{[%emt 00:00:07]} 45. Rxh6 {[%clk 00:16:22]} {[%emt 00:02:39]} exf3 {[%clk
00:54:21]} {[%emt 00:00:18]} 46. Bg3 {[%clk 00:14:55]} {[%emt 00:01:57]} Bc3
{[%clk 00:49:28]} {[%emt 00:05:23]} 47. Bf2 {[%clk 00:14:04]} {[%emt 00:01:21]}
Kd6 {[%clk 00:49:38]} {[%emt 00:00:20]} 48. Bxb6 {[%clk 00:14:23]} {[%emt
00:00:11]} Kxd5 {[%clk 00:50:02]} {[%emt 00:00:06]} 49. Kf2 {[%clk 00:13:37]}
{[%emt 00:01:16]} g4 {[%clk 00:48:28]} {[%emt 00:02:04]} 50. Rh8 {[%clk
00:13:46]} {[%emt 00:00:21]} Be5 {[%clk 00:48:31]} {[%emt 00:00:27]} 51. Rh1
{[%clk 00:11:12]} {[%emt 00:03:03]} Bd3 {[%clk 00:48:20]} {[%emt 00:00:42]} 52.
Rg1 {[%clk 00:10:52]} {[%emt 00:00:49]} f5 {[%clk 00:48:37]} {[%emt 00:00:14]}
53. Be3 {[%clk 00:09:03]} {[%emt 00:02:19]} Ke4 {[%clk 00:48:56]} {[%emt
00:00:11]} 54. Bb6 {[%clk 00:08:46]} {[%emt 00:00:47]} Be2 {[%clk 00:49:16]}
{[%emt 00:00:09]} 55. Bc5 {[%clk 00:08:33]} {[%emt 00:00:44]} Bh2 {[%clk
00:48:24]} {[%emt 00:01:21]} 56. Re1 {[%clk 00:05:04]} {[%emt 00:03:59]} g3#
{[%clk 00:48:44]} {[%emt 00:00:11]} 0-1

[Event "ODJM A 2024"]
[Site "Willingen GER"]
[Date "2024.05.24"]
[Round "8"]
[White "Kruse, Victor"]
[Black "Kamp, Aaron"]
[Result "1-0"]
[Termination "normal"]
[Board "2"]
[WhiteElo "2030"]
[BlackElo "1996"]
[WhiteClock "00:04:44"]
[BlackClock "00:03:42"]
[PlyCount "149"]
[WhiteFideId "16256964"]
[BlackFideId "16231120"]
[EventCountry "GER"]
[EventRounds "9"]
[EventType "swiss"]
[EventDate "2024.05.18"]

1. d4 {[%clk 01:30:49]} {[%emt 00:00:10]} Nf6 {[%clk 01:30:51]} {[%emt
00:00:09]} 2. c4 {[%clk 01:31:09]} {[%emt 00:00:11]} c6 {[%clk 01:31:14]}
{[%emt 00:00:07]} 3. Nc3 {[%clk 01:29:58]} {[%emt 00:01:41]} d5 {[%clk
01:31:35]} {[%emt 00:00:09]} 4. e3 {[%clk 01:29:53]} {[%emt 00:00:36]} a6
{[%clk 01:31:48]} {[%emt 00:00:17]} 5. Nf3 {[%clk 01:29:40]} {[%emt 00:00:42]}
g6 {[%clk 01:31:14]} {[%emt 00:01:04]} 6. b3 {[%clk 01:29:17]} {[%emt
00:00:54]} Bg7 {[%clk 01:31:10]} {[%emt 00:00:33]} 7. Bb2 {[%clk 01:29:24]}
{[%emt 00:00:23]} O-O {[%clk 01:31:15]} {[%emt 00:00:24]} 8. Bd3 {[%clk
01:28:55]} {[%emt 00:01:00]} Bg4 {[%clk 01:28:37]} {[%emt 00:03:07]} 9. O-O
{[%clk 01:17:59]} {[%emt 00:11:27]} Nbd7 {[%clk 01:27:25]} {[%emt 00:01:42]}
10. cxd5 {[%clk 01:18:01]} {[%emt 00:00:29]} cxd5 {[%clk 01:27:40]} {[%emt
00:00:15]} 11. h3 {[%clk 01:18:12]} {[%emt 00:00:19]} Bxf3 {[%clk 01:20:32]}
{[%emt 00:07:38]} 12. Qxf3 {[%clk 01:18:35]} {[%emt 00:00:07]} e6 {[%clk
01:19:24]} {[%emt 00:01:38]} 13. a4 {[%clk 01:17:50]} {[%emt 00:01:16]} Qa5
{[%clk 01:14:48]} {[%emt 00:05:05]} 14. Rfc1 {[%clk 01:15:07]} {[%emt
00:03:12]} Rfe8 {[%clk 01:10:13]} {[%emt 00:05:05]} 15. Qd1 {[%clk 01:05:40]}
{[%emt 00:09:57]} e5 {[%clk 01:07:44]} {[%emt 00:02:59]} 16. Ne2 {[%clk
01:03:01]} {[%emt 00:03:09]} e4 {[%clk 01:05:52]} {[%emt 00:02:21]} 17. Bb1
{[%clk 01:02:45]} {[%emt 00:00:47]} Bf8 {[%clk 01:04:35]} {[%emt 00:01:47]} 18.
Nc3 {[%clk 00:47:20]} {[%emt 00:15:55]} Rac8 {[%clk 01:02:27]} {[%emt
00:02:38]} 19. Na2 {[%clk 00:47:20]} {[%emt 00:00:30]} Qb6 {[%clk 00:53:40]}
{[%emt 00:09:17]} 20. Bc2 {[%clk 00:38:17]} {[%emt 00:09:33]} a5 {[%clk
00:43:36]} {[%emt 00:10:34]} 21. Bc3 {[%clk 00:38:15]} {[%emt 00:00:31]} Nb8
{[%clk 00:42:00]} {[%emt 00:02:06]} 22. Qd2 {[%clk 00:37:20]} {[%emt 00:01:25]}
Nc6 {[%clk 00:41:56]} {[%emt 00:00:34]} 23. Bd1 {[%clk 00:37:27]} {[%emt
00:00:24]} Nb4 {[%clk 00:40:40]} {[%emt 00:01:45]} 24. Bxb4 {[%clk 00:35:11]}
{[%emt 00:02:47]} axb4 {[%clk 00:38:52]} {[%emt 00:02:18]} 25. Be2 {[%clk
00:34:44]} {[%emt 00:00:56]} Red8 {[%clk 00:27:44]} {[%emt 00:11:39]} 26. Bb5
{[%clk 00:34:15]} {[%emt 00:00:59]} Ne8 {[%clk 00:27:17]} {[%emt 00:00:56]} 27.
Bxe8 {[%clk 00:32:50]} {[%emt 00:01:55]} Rxe8 {[%clk 00:27:35]} {[%emt
00:00:12]} 28. Rc2 {[%clk 00:32:44]} {[%emt 00:00:37]} Rxc2 {[%clk 00:26:12]}
{[%emt 00:01:53]} 29. Qxc2 {[%clk 00:31:59]} {[%emt 00:01:15]} Re6 {[%clk
00:21:24]} {[%emt 00:05:17]} 30. Rc1 {[%clk 00:32:18]} {[%emt 00:00:12]} Rc6
{[%clk 00:21:39]} {[%emt 00:00:16]} 31. Qd2 {[%clk 00:32:39]} {[%emt 00:00:08]}
Bd6 {[%clk 00:20:43]} {[%emt 00:01:26]} 32. Rxc6 {[%clk 00:32:26]} {[%emt
00:00:44]} bxc6 {[%clk 00:20:51]} {[%emt 00:00:22]} 33. Nc1 {[%clk 00:31:14]}
{[%emt 00:01:43]} Qa6 {[%clk 00:20:03]} {[%emt 00:01:18]} 34. Qe2 {[%clk
00:31:11]} {[%emt 00:00:32]} Qb6 {[%clk 00:18:54]} {[%emt 00:01:38]} 35. Qg4
{[%clk 00:29:00]} {[%emt 00:02:41]} Qc7 {[%clk 00:16:26]} {[%emt 00:02:59]} 36.
Qd1 {[%clk 00:25:41]} {[%emt 00:03:50]} f5 {[%clk 00:12:43]} {[%emt 00:04:12]}
37. Ne2 {[%clk 00:22:57]} {[%emt 00:03:14]} Kf7 {[%clk 00:10:08]} {[%emt
00:03:05]} 38. h4 {[%clk 00:21:43]} {[%emt 00:01:43]} h6 {[%clk 00:08:53]}
{[%emt 00:01:45]} 39. g3 {[%clk 00:20:40]} {[%emt 00:01:33]} g5 {[%clk
00:07:55]} {[%emt 00:01:28]} 40. hxg5 {[%clk 00:19:56]} {[%emt 00:01:14]} hxg5
{[%clk 00:08:15]} {[%emt 00:00:09]} 41. Kg2 {[%clk 00:19:57]} {[%emt 00:00:29]}
Kg6 {[%clk 00:30:02]} {[%emt 00:08:42]} 42. Qh1 {[%clk 00:47:35]} {[%emt
00:02:52]} Qd8 {[%clk 00:29:33]} {[%emt 00:01:00]} 43. Qh3 {[%clk 00:46:02]}
{[%emt 00:02:02]} Qc8 {[%clk 00:27:39]} {[%emt 00:02:25]} 44. Qh1 {[%clk
00:42:59]} {[%emt 00:03:33]} Qa6 {[%clk 00:27:03]} {[%emt 00:01:06]} 45. Nc1
{[%clk 00:42:36]} {[%emt 00:00:53]} Qa8 {[%clk 00:26:12]} {[%emt 00:01:22]} 46.
Qd1 {[%clk 00:40:08]} {[%emt 00:02:56]} Qa6 {[%clk 00:25:11]} {[%emt 00:01:31]}
47. Qe2 {[%clk 00:39:41]} {[%emt 00:00:56]} Qa8 {[%clk 00:24:46]} {[%emt
00:00:57]} 48. Qc2 {[%clk 00:27:20]} {[%emt 00:12:51]} Qa6 {[%clk 00:24:16]}
{[%emt 00:01:00]} 49. Ne2 {[%clk 00:19:54]} {[%emt 00:07:54]} Qd3 {[%clk
00:22:54]} {[%emt 00:01:53]} 50. Qxc6 {[%clk 00:11:33]} {[%emt 00:08:52]} Qxe2
{[%clk 00:23:08]} {[%emt 00:00:16]} 51. Qxd6+ {[%clk 00:11:09]} {[%emt
00:00:54]} Kh5 {[%clk 00:22:03]} {[%emt 00:01:34]} 52. Qxb4 {[%clk 00:10:49]}
{[%emt 00:00:51]} Qf3+ {[%clk 00:15:44]} {[%emt 00:06:49]} 53. Kf1 {[%clk
00:10:56]} {[%emt 00:00:23]} Qh1+ {[%clk 00:12:28]} {[%emt 00:03:46]} 54. Ke2
{[%clk 00:11:05]} {[%emt 00:00:20]} Qf3+ {[%clk 00:12:54]} {[%emt 00:00:06]}
55. Ke1 {[%clk 00:11:13]} {[%emt 00:00:22]} Qh1+ {[%clk 00:10:56]} {[%emt
00:02:27]} 56. Kd2 {[%clk 00:11:02]} {[%emt 00:00:42]} Qb1 {[%clk 00:10:45]}
{[%emt 00:00:41]} 57. Qb5 {[%clk 00:07:26]} {[%emt 00:04:06]} Qb2+ {[%clk
00:10:03]} {[%emt 00:01:11]} 58. Kd1 {[%clk 00:07:40]} {[%emt 00:00:16]} Qb1+
{[%clk 00:10:15]} {[%emt 00:00:17]} 59. Kd2 {[%clk 00:07:35]} {[%emt 00:00:36]}
Qb2+ {[%clk 00:10:33]} {[%emt 00:00:12]} 60. Ke1 {[%clk 00:07:27]} {[%emt
00:00:37]} Qc1+ {[%clk 00:09:55]} {[%emt 00:01:09]} 61. Ke2 {[%clk 00:07:52]}
{[%emt 00:00:06]} Qc2+ {[%clk 00:09:55]} {[%emt 00:00:29]} 62. Kf1 {[%clk
00:07:33]} {[%emt 00:00:49]} Qd1+ {[%clk 00:09:36]} {[%emt 00:00:48]} 63. Kg2
{[%clk 00:07:49]} {[%emt 00:00:15]} Qf3+ {[%clk 00:09:00]} {[%emt 00:01:05]}
64. Kg1 {[%clk 00:08:16]} {[%emt 00:00:03]} Qd1+ {[%clk 00:08:50]} {[%emt
00:00:39]} 65. Qf1 {[%clk 00:08:42]} {[%emt 00:00:04]} Qxb3 {[%clk 00:08:58]}
{[%emt 00:00:22]} 66. a5 {[%clk 00:09:07]} {[%emt 00:00:06]} Qa4 {[%clk
00:07:33]} {[%emt 00:01:55]} 67. Qe1 {[%clk 00:07:45]} {[%emt 00:01:51]} g4
{[%clk 00:07:13]} {[%emt 00:00:50]} 68. Qd2 {[%clk 00:06:38]} {[%emt 00:01:38]}
Qc4 {[%clk 00:06:01]} {[%emt 00:01:42]} 69. Kg2 {[%clk 00:06:11]} {[%emt
00:00:57]} Kg5 {[%clk 00:05:18]} {[%emt 00:01:13]} 70. Qe1 {[%clk 00:05:21]}
{[%emt 00:01:19]} Qa6 {[%clk 00:05:04]} {[%emt 00:00:44]} 71. Qa1 {[%clk
00:05:35]} {[%emt 00:00:16]} Kf6 {[%clk 00:04:21]} {[%emt 00:01:13]} 72. Qa2
{[%clk 00:04:36]} {[%emt 00:01:30]} Ke6 {[%clk 00:04:40]} {[%emt 00:00:11]} 73.
Qa4 {[%clk 00:04:16]} {[%emt 00:00:50]} Kd6 {[%clk 00:04:09]} {[%emt 00:01:01]}
74. Qb4+ {[%clk 00:04:28]} {[%emt 00:00:18]} Kc6 {[%clk 00:03:42]} {[%emt
00:00:57]} 75. Qc5+ {[%clk 00:04:44]} {[%emt 00:00:15]} 1-0

[Event "ODJM A 2024"]
[Site "Willingen GER"]
[Date "2024.05.24"]
[Round "8"]
[White "Kamp, Adrian"]
[Black "Brunner, Tobias"]
[Result "1-0"]
[Termination "normal"]
[Board "4"]
[WhiteElo "2098"]
[BlackElo "1997"]
[WhiteClock "00:06:31"]
[BlackClock "00:01:04"]
[PlyCount "81"]
[WhiteFideId "16222466"]
[BlackFideId "12949833"]
[EventCountry "GER"]
[EventRounds "9"]
[EventType "swiss"]
[EventDate "2024.05.18"]

1. e4 {[%clk 01:30:32]} {[%emt 00:00:28]} d5 {[%clk 01:30:29]} {[%emt
00:00:31]} 2. exd5 {[%clk 01:30:30]} {[%emt 00:00:32]} Qxd5 {[%clk 01:30:50]}
{[%emt 00:00:09]} 3. Nc3 {[%clk 01:30:45]} {[%emt 00:00:16]} Qd6 {[%clk
01:29:56]} {[%emt 00:01:23]} 4. d4 {[%clk 01:29:39]} {[%emt 00:01:36]} Nf6
{[%clk 01:29:58]} {[%emt 00:00:27]} 5. Nf3 {[%clk 01:28:25]} {[%emt 00:01:45]}
Bg4 {[%clk 01:28:17]} {[%emt 00:02:11]} 6. h3 {[%clk 01:27:24]} {[%emt
00:01:31]} Bxf3 {[%clk 01:28:04]} {[%emt 00:00:43]} 7. Qxf3 {[%clk 01:26:28]}
{[%emt 00:01:26]} c6 {[%clk 01:28:25]} {[%emt 00:00:09]} 8. Be3 {[%clk
01:22:59]} {[%emt 00:04:00]} Nd5 {[%clk 01:20:48]} {[%emt 00:08:07]} 9. Nxd5
{[%clk 01:17:31]} {[%emt 00:05:59]} Qxd5 {[%clk 01:20:21]} {[%emt 00:00:57]}
10. Qg3 {[%clk 01:16:13]} {[%emt 00:01:48]} e6 {[%clk 01:17:22]} {[%emt
00:03:29]} 11. c3 {[%clk 01:09:17]} {[%emt 00:07:26]} Nd7 {[%clk 01:11:25]}
{[%emt 00:06:26]} 12. Be2 {[%clk 01:07:06]} {[%emt 00:02:42]} Nf6 {[%clk
01:10:15]} {[%emt 00:01:40]} 13. Bf3 {[%clk 00:55:40]} {[%emt 00:11:57]} Qc4
{[%clk 00:58:01]} {[%emt 00:12:44]} 14. Bd2 {[%clk 00:48:00]} {[%emt 00:08:11]}
O-O-O {[%clk 00:51:09]} {[%emt 00:07:21]} 15. Be2 {[%clk 00:36:56]} {[%emt
00:11:35]} Qd5 {[%clk 00:46:40]} {[%emt 00:04:59]} 16. Bf4 {[%clk 00:35:27]}
{[%emt 00:01:58]} Ne4 {[%clk 00:42:05]} {[%emt 00:05:05]} 17. Qe3 {[%clk
00:34:13]} {[%emt 00:01:44]} Nf6 {[%clk 00:32:25]} {[%emt 00:10:11]} 18. O-O
{[%clk 00:33:30]} {[%emt 00:01:12]} Bd6 {[%clk 00:31:50]} {[%emt 00:01:05]} 19.
Bf3 {[%clk 00:28:55]} {[%emt 00:05:05]} Bxf4 {[%clk 00:28:49]} {[%emt
00:03:31]} 20. Qxf4 {[%clk 00:29:18]} {[%emt 00:00:07]} Qd6 {[%clk 00:29:09]}
{[%emt 00:00:09]} 21. Qg5 {[%clk 00:29:39]} {[%emt 00:00:10]} Rdg8 {[%clk
00:28:35]} {[%emt 00:01:04]} 22. b4 {[%clk 00:29:01]} {[%emt 00:01:09]} Nd5
{[%clk 00:26:03]} {[%emt 00:03:01]} 23. Bxd5 {[%clk 00:28:11]} {[%emt
00:01:21]} Qxd5 {[%clk 00:26:22]} {[%emt 00:00:11]} 24. Qe7 {[%clk 00:27:01]}
{[%emt 00:01:40]} Qd7 {[%clk 00:23:45]} {[%emt 00:03:07]} 25. Qc5 {[%clk
00:26:55]} {[%emt 00:00:36]} Kb8 {[%clk 00:24:06]} {[%emt 00:00:09]} 26. a4
{[%clk 00:26:36]} {[%emt 00:00:50]} Qc7 {[%clk 00:18:51]} {[%emt 00:05:44]} 27.
Rfb1 {[%clk 00:21:12]} {[%emt 00:05:54]} Rd8 {[%clk 00:18:01]} {[%emt
00:01:20]} 28. b5 {[%clk 00:19:25]} {[%emt 00:02:17]} cxb5 {[%clk 00:16:58]}
{[%emt 00:01:33]} 29. Qxb5 {[%clk 00:19:23]} {[%emt 00:00:32]} Rd6 {[%clk
00:15:19]} {[%emt 00:02:09]} 30. a5 {[%clk 00:18:35]} {[%emt 00:01:18]} a6
{[%clk 00:14:15]} {[%emt 00:01:34]} 31. Qb2 {[%clk 00:16:15]} {[%emt 00:02:51]}
Ka8 {[%clk 00:13:53]} {[%emt 00:00:51]} 32. Ra3 {[%clk 00:15:17]} {[%emt
00:01:28]} Rb8 {[%clk 00:12:40]} {[%emt 00:01:43]} 33. Rb3 {[%clk 00:07:01]}
{[%emt 00:08:46]} Rd5 {[%clk 00:10:35]} {[%emt 00:02:34]} 34. Qc2 {[%clk
00:07:14]} {[%emt 00:00:17]} g6 {[%clk 00:10:23]} {[%emt 00:00:43]} 35. c4
{[%clk 00:06:38]} {[%emt 00:01:07]} Rxd4 {[%clk 00:07:12]} {[%emt 00:03:40]}
36. c5 {[%clk 00:06:49]} {[%emt 00:00:19]} Rdd8 {[%clk 00:02:03]} {[%emt
00:05:40]} 37. Rb6 {[%clk 00:06:50]} {[%emt 00:00:29]} Ka7 {[%clk 00:02:17]}
{[%emt 00:00:16]} 38. c6 {[%clk 00:06:28]} {[%emt 00:00:53]} Rdc8 {[%clk
00:00:35]} {[%emt 00:02:12]} 39. Qc5 {[%clk 00:06:29]} {[%emt 00:00:29]} Ka8
{[%clk 00:00:46]} {[%emt 00:00:19]} 40. cxb7+ {[%clk 00:06:12]} {[%emt
00:00:46]} Rxb7 {[%clk 00:01:04]} {[%emt 00:00:11]} 41. Rxa6+ {[%clk 00:06:31]}
{[%emt 00:00:11]} 1-0